| 000 | 00389nam a2200145Ia 4500 | ||
|---|---|---|---|
| 005 | 20260304111828.0 | ||
| 022 | _a0009-9260 | ||
| 050 | _aR895 .C59 | ||
| 245 | _aClinical Radiology | ||
| 250 | _aVol. 79, No. 8 | ||
| 260 |
_aUK _bRoyal College of Radiologists _c2024 |
||
| 300 | _ap. : ill. ; 25 cm. | ||
| 650 | _aClinical diagnostic imaging and radiology--periodical | ||
| 942 |
_cSR _2lcc |
||
| 999 |
_c37361 _d37361 |
||